North America and Asia - Sudden Death - Statistics

General Stats
  • This quiz has been taken 21 times
    15 since last reset
  • The average score is 14 of 18
Answers on the Grid
Answers color-coded by a green-red scale on the quiz's grid according to % correct below.
Afghanistan
Antigua and Barbuda
Azerbaijan
Bahamas
Bhutan
Bolivia
Costa Rica
Czech Republic
Dominican Republic
Ecuador
El Salvador
Ethiopia
Gambia
Grenada
Guinea
Guyana
Honduras
Hungary
Jamaica
Maldives
Malaysia
Mozambique
Myanmar
Namibia
Panama
Papua New Guinea
Saint Kitts and Nevis
Samoa
Syria
Turkmenistan
Uganda
Vanuatu
 
Answer Stats
Answer % Correct
North America Bahamas
100%
Asia Afghanistan
90%
Asia Azerbaijan
90%
North America Dominican Republic
90%
North America Antigua and Barbuda
80%
Asia Bhutan
80%
North America Costa Rica
80%
North America El Salvador
80%
North America Grenada
80%
North America Honduras
80%
North America Jamaica
80%
Asia Malaysia
70%
Asia Myanmar
70%
Asia Turkmenistan
70%
Asia Maldives
60%
North America Panama
60%
Asia Syria
60%
North America Saint Kitts and Nevis
50%
No matching quizzes found
Score Distribution
Percent of People with Each Score
Percentile by Number Answered
Your Score History
You have not taken this quiz since the last reset